00000000nam 2200000zi 4500
0019.867703
003CaOODSP
00520241203113645
006m     o  d f      
007cr nn|||||||||
008190129s1986    onca    ob   f000 0 eng d
040 |aCaOODSP|beng|erda|cCaOODSP
041 |aeng|bfre
043 |an-cn---
0861 |aEn13-5/86-215E-PDF
1001 |aOnuska, Francis I., |d1935- |eauthor.
24510|aIsomer specific separation and quantitation of tetrachloro dibenzo-p-dioxins by HRCG and HRGC/MS / |cF.I. Onuska, R. Wilkinson and K. Terry.
2461 |iCorrected title: |aIsomer specific separation and quantitation of tetrachloro dibenzo-p-dioxins by HRGC and HRGC/MS
264 1|a[Burlington, Ontario : |bNational Water Research Institute, |c1986]
300 |a1 online resource (16 unnumbered pages) : |billustrations.
336 |atext|btxt|2rdacontent
337 |acomputer|bc|2rdamedia
338 |aonline resource|bcr|2rdacarrier
4901 |aNWRI contribution ; |vno. 86-215
500 |aCover title.
500 |a"Submitted to: J. High Resol. Chromatogr. Chromatogr. Comm."
500 |aDigitized edition from print [produced by Environment and Climate Change Canada].
504 |aIncludes bibliographical references.
520 |a"This paper entitled "Isomer Specific Separation and Quantitation of Tetrachloro Dibenzo-p-Dioxins by HRGC and HRGC/MS" describes high resolution narrow-bore gas chromatography (HRGC) and HRGC/mass spectrometry (HS) for the determination of all 22 isomers of tetrachloro dibenzo-p-dioxins in various environmental matrices which enables analysts to report significantly more accurate data for all 22 isomers. It is the first time that relative response factors for all 22 isomers using both the electron capture detector and the electron impact ionization selected ion monitoring has been reported"--Management perspective.
546 |aIncludes management perspective in French.
693 4|aPolychlorinated dibenzodioxins--Analysis
693 4|aGas chromatography
693 4|aMass spectrometry
693 4|aWater--Pollution
7001 |aWilkinson, R., |eauthor.
7001 |aTerry, K. A., |eauthor.
7101 |aCanada. |bEnvironment Canada.
7102 |aNational Water Research Institute (Canada)
830#0|aNWRI contribution ;|vno. 86-215.|w(CaOODSP)9.844121
85640|qPDF|s732 KB|uhttps://publications.gc.ca/collections/collection_2019/eccc/En13-5-86-215-eng.pdf